Statistics for 20 most streamed artists on Spotify

Click here to take the quiz!

General Stats

  • This quiz has been taken 40 times
  • The average score is 14 of 20

Answer Stats

RankStreamsAnswerSong% Correct
547 BillionEd SheeranShape of You
97%
453 BillionThe WeekndBlinding Lights
97%
271 BillionTaylor SwiftCruel Summer
92%
172 BillionDrakeOne Dance
89%
641 BillionAriana Grande7 rings
81%
840 BillionEminemWithout Me
81%
1529 BillionJuice WRLDLucid Dreams
81%
741 BillionJustin BieberLove Yourself
81%
1829 BillionTravis Scottgoosebumps
78%
938 BillionPost MaloneCircles
76%
1430 BillionColdplayYellow
70%
1929 BillionImagine DragonsBeliever
70%
1729 BillionRihannaWe Found Love
68%
1037 BillionBTSDynamite
65%
368 BillionBad BunnyMe Porto Bonito
62%
1135 BillionKanye WestHeartless
62%
1629 BillionDua LipaDon't start now
59%
1332 BillionBillie Eilishocean eyes
49%
2027 BillionXXXTENTACIONFuck Love
46%
1233 BillionJ BalvinMi Gente
43%

Score Distribution

Percentile by Number Answered

Percent of People with Each Score

Your Score History

You have not taken this quiz